Least Visited US States Quiz Stats

 Plays Quiz Updated Jan 8, 2016

Challenge
Share
Tweet
Embed
Score 0/20 Timer 03:00
2 Plays Today
Rank State % Correct
9.North Dakota
93.5%
16.South Dakota
89.3%
8.Maine
87.5%
13.Idaho
86.7%
12.Montana
85.7%
2.Vermont
85.1%
6.Kansas
85.1%
4.New Hampshire
84.4%
5.Rhode Island
84.3%
17.Wyoming
83.9%
Rank State % Correct
20.Iowa
83%
18.Alaska
82.4%
3.Nebraska
81.5%
7.Arkansas
79.6%
15.New Mexico
78.6%
11.Oklahoma
77.6%
14.Delaware
76.9%
1.West Virginia
76%
19.Kentucky
74.4%
10.Connecticut
70.8%

You're not logged in!

Compare scores with friends on all Sporcle quizzes.
Join for Free
OR
Log In

You Might Also Like...

Show Comments

Extras

Top Quizzes Today


Score Distribution

Your Account Isn't Verified!

In order to create a playlist on Sporcle, you need to verify the email address you used during registration. Go to your Sporcle Settings to finish the process.

Report this User

Report this user for behavior that violates our Community Guidelines.

Details: